Релігієзнавство (Record no. 356150)

MARC details
000 -LEADER
fixed length control field 00723nam a22002537a 4500
001 - CONTROL NUMBER
control field 69872
003 - CONTROL NUMBER IDENTIFIER
control field UA-OsUOA
005 - DATE AND TIME OF LATEST TRANSACTION
control field 20201218224253.0
007 - PHYSICAL DESCRIPTION FIXED FIELD--GENERAL INFORMATION
fixed length control field ta
008 - FIXED-LENGTH DATA ELEMENTS--GENERAL INFORMATION
fixed length control field 20100707b un ||||| |||| 00| 0 ukr d
020 ## - INTERNATIONAL STANDARD BOOK NUMBER
International Standard Book Number 978-966-00-0635
040 ## - CATALOGING SOURCE
Original cataloging agency UA-OsUOA
Language of cataloging ukr
Transcribing agency UA-OsUOA
Modifying agency UA-OsUOA
041 ## - LANGUAGE CODE
Language code of text/sound track or separate title ukr
080 ## - UNIVERSAL DECIMAL CLASSIFICATION NUMBER
Universal Decimal Classification number 2(075.8)
090 ## - LOCALLY ASSIGNED LC-TYPE CALL NUMBER (OCLC); LOCAL CALL NUMBER (OCLC)
Classification number (OCLC) (R) ; Classification number, CALL (RLIN) (NR) 2(075.8)
Local cutter number (OCLC) ; Book number/undivided call number, CALL (RLIN) Х23
100 ## - MAIN ENTRY--PERSONAL NAME
Personal name Харьковщенко Є. А.
245 ## - TITLE STATEMENT
Title Релігієзнавство
Remainder of title підручник
260 ## - PUBLICATION, DISTRIBUTION, ETC. (IMPRINT)
Place of publication, distribution, etc К.
Name of publisher, distributor, etc Наукова думка
Date of publication, distribution, etc 2007
300 ## - PHYSICAL DESCRIPTION
Extent 379 с.
650 #7 - SUBJECT ADDED ENTRY--TOPICAL TERM
Topical term or geographic name as entry element 2 Релігія. Теологія.
Source of heading or term UDC
942 ## - ADDED ENTRY ELEMENTS (KOHA)
Koha item type Books
Source of classification or shelving scheme Universal Decimal Classification
955 ## - COPY-LEVEL INFORMATION (RLIN)
Classification number, CCAL (RLIN) Навчальні видання
Holdings
Withdrawn status Lost status Source of classification or shelving scheme Damaged status Not for loan Home library Current library Date acquired Source of acquisition Cost, normal purchase price Inventory number Total Checkouts Full call number Barcode Date last seen Price effective from Koha item type
    Universal Decimal Classification     АБ - Абонемент НБ АБ - Абонемент НБ 27/09/2011 118/2011 40.00 134232   2(075.8) Х23 134232 04/11/2021 27/09/2011 Books
    Universal Decimal Classification     ЧЗ - Читальна зала ЧЗ - Читальна зала 07/07/2010 64/2010 35.00 128552   2(075.8) Х23 128552 07/02/2022 07/07/2010 Books